Coupe du Monde 2014 - Un Joueur par équipe - Statistiques

Statistiques générales
  • Ce quiz a été pris 706 fois
  • Le résultat moyen est 25 sur 32
Statistiques - réponses
Hint Réponse % Correct
Gerard Piqué Espagne
96%
Antoine Griezmann France
96%
Mesut Özil Allemagne
95%
Romelu Lukaku Belgique
95%
Andrea Pirlo Italie
94%
Edinson Cavani Uruguay
94%
Mario Mandžukić Croatie
93%
Xherdan Shaqiri Suisse
93%
Frank Lampard Angleterre
92%
James Rodríguez Colombie
92%
Keylor Navas Costa Rica
92%
Fred Brésil
91%
Wesley Sneijder Pays-Bas
91%
Gonzalo Higuaín Argentine
90%
Arturo Vidal Chili
90%
Islam Slimani Algérie
89%
Miralem Pjanić Bosnie-Herzégovine
88%
Nani Portugal
88%
Eric Maxim Choupo-Moting Cameroun
86%
Park Chu-young Corée du Sud
83%
Javier Hernández Mexique
78%
Kevin-Prince Boateng Ghana
77%
Salomon Kalou Côte d'Ivoire
70%
Makoto Hasebe Japon
69%
John Obi Mikel Nigeria
66%
Vasili Berezutski Russie
66%
Georgios Samaras Grèce
62%
Édison Méndez Equateur
50%
Javad Nekounam Iran
50%
Noel Valladares Honduras
47%
Mile Jedinak Australie
44%
Alejandro Bedoya Etats-Unis
29%
Aucun quiz correspondant
Distribution des résultats
% des personnes avec chaque résultat
Percentile par nombre de réponses
Votre historique - résultats
Vous n’avez pas pris ce quiz